| 000 | 02058nam2a2200313 4500 | ||
|---|---|---|---|
| 001 | RU\NLR\bibl\2024913 | ||
| 005 | 20260607052045.0 | ||
| 010 |
_a978-5-7695-9809-8 _bч. 1 _9500 |
||
| 021 |
_aRU _b2013-24195 _91672 |
||
| 035 | _a(NLR Aleph) 002012994 | ||
| 090 |
_a4467955 _c4467955 |
||
| 100 | _a20130417d2013 |||y0rusy50 ca | ||
| 101 | 0 |
_arus _aeng |
|
| 102 | _aRU | ||
| 105 | _aa ||||||||| | ||
| 200 | 0 |
_aЧ. 1 _f[Костыгина С.И., Березина О.А., Иванова Ю.А., Папанова Л.В.] |
|
| 215 |
_a392, [1] с. _cил. |
||
| 300 | _aАвт. указаны на обороте тит. л. | ||
| 320 | _aБиблиогр.: с. 270 (6 назв.) | ||
| 461 | 0 |
_1001RU\NLR\bibl\2050545 _12001#$aАнглийский язык для студентов университетов$vЧ. 1 _94580390 _cМосква _d2013 _e3-е изд., испр. _lEnglish for university students _nАкадемия _oчтение, письменная практика и практика устной речи : учебник : для студентов учреждений высшего профессионального образования, обучающихся по направлению подготовки "Педагогическое образование" (профиль "иностранный язык") : [в 2 ч.] _tАнглийский язык для студентов университетов _y9785769598081 _vЧ. 1 |
|
| 701 | 1 |
_4070 _7ca _8rus _aКостыгина _bС. И. _gСветлана Ипполитовна _922778 _3RU\NLR\auth\7739815 |
|
| 701 | 1 |
_4070 _8rus _7ca _aБерезина _bО. А. _gОльга Александровна _3RU\NLR\auth\7728921 _911950 |
|
| 701 | 1 |
_4070 _7ca _8rus _aИванова _bЮ. А. _cканд. филол. наук _gЮлия Александровна _927813 _3RU\NLR\auth\7744873 |
|
| 701 | 1 |
_aПапанова _bЛ. В. _gЛюдмила Викторовна _4070 |
|
| 801 | 0 |
_aRU _bNLR _c20130417 _gRCR |
|
| 801 | 1 |
_aRU _bNLR _c20130417 |
|
| 942 | _cBOOK | ||
| 980 | _aNB | ||